All Premier League Strikers 23/24 - Statistics

General Stats
  • This quiz has been taken 121 times
  • The average score is 29 of 54
Answer Stats
Club Nation # Answer % Correct
Arsenal Brazil 9 Gabriel Jesus
96%
Aston Villa England 11 Ollie Watkins
93%
Man City Norway 9 Erling Haaland
90%
Man United Denmark 11 Rasmus Hojlund
86%
Man City Argentina 19 Julian Alvarez
85%
Newcastle Sweden 14 Alexander Isak
84%
Chelsea Senegal 15 Nicolas Jackson
84%
Liverpool Uruguay 9 Darwin Nunez
83%
Brentford England 17 Ivan Toney
82%
Man United France 9 Anthony Martial
81%
Bournemouth England 9 Dominic Solanke
81%
Spurs Brazil 9 Richarlison
81%
Crystal Palace France 14 Jean-Philippe Mateta
74%
Brighton Brazil 9 Joao Pedro
74%
Spurs Germany 16 Timo Werner
74%
Arsenal England 14 Eddie Nketiah
73%
Aston Villa Colombia 24 Jhon Duran
72%
West Ham Jamaica 9 Michail Antonio
72%
Everton England 9 Dominic Calvert-Lewin
71%
Brighton Ireland 28 Evan Ferguson
71%
Nottingham New Zealand 11 Chris Wood
69%
Wolves South Korea 11 Hwang Hee Chan
69%
Fulham Mexico 7 Raul Jimenez
69%
Newcastle England 9 Callum Wilson
67%
Crystal Palace Ghana 9 Jordan Ayew
62%
Everton Portugal 14 Beto
60%
Wolves Brazil 12 Matheus Cunha
57%
Fulham Albania 9 Armando Broja
56%
Brighton England 18 Danny Welbeck
56%
Nottingham Nigeria 9 Taiwo Awoniyi
51%
Luton Town England 9 Charlton Morris
48%
Luton Town England 11 Elijah Adebayo
48%
Fulham Brazil 19 Rodrigo Muniz
48%
Bournemouth Turkey 26 Enes Unal
46%
Crystal Palace France 22 Odsonne Edouard
46%
Nottingham Belgium 27 Divock Origi
44%
Brentford France 7 Neal Maupay
44%
West Ham England 18 Danny Ings
36%
Burnley England 9 Jay Rodriguez
36%
Burnley Switzerland 25 Zeki Amdouni
35%
Burnley Ivory Coast 23 David Fofana
34%
Sheffield England 9 Oli McBurnie
33%
Chelsea Brazil 36 Deivid Washington
32%
Sheffield England 10 Cameron Archer
31%
Everton Portugal 28 Youssef Chermiti
24%
Burnley England 17 Lyle Foster
23%
Sheffield Denmark 32 William Osula
18%
West Ham England 45 Divin Mubama
16%
Sheffield England 7 Rhian Brewster
13%
Luton Town England 10 Cauley Woodrow
12%
Sheffield Canada 36 Daniel Jebbison
9%
Luton Town Scotland 19 Jacob Brown
9%
Nottingham Portugal 37 Rodrigo Ribeiro
8%
Wolves Ireland 63 Nathan Fraser
6%
No matching quizzes found
Score Distribution
Percent of People with Each Score
Percentile by Number Answered
Your Score History
You have not taken this quiz